| 000 | 00732nam a22002297a 4500 | ||
|---|---|---|---|
| 005 | 20170124110019.0 | ||
| 010 | _a330034 | ||
| 020 | _c00.00 | ||
| 035 | _a330034 | ||
| 037 | _bCen Lib/Ret | ||
| 040 |
_aDPL _bEN |
||
| 082 |
_a600 _bKAP |
||
| 100 |
_aKapp, Reginald O. _919391 |
||
| 245 |
_aThe presentation of technical information : _cby Reginald O.Kapp _bbased on four public lectures given at University College, London / |
||
| 260 |
_aLondon _bConstable & Company _c1964 |
||
| 270 |
_a10 Orange Street _bLondon |
||
| 300 |
_axi,145p. : _c18cm(Hb) |
||
| 500 | _aIncludes index | ||
| 650 |
_aTechnical writing -- Great Britain. _919392 |
||
| 650 |
_aGreat Britain. _989232 |
||
| 942 |
_2ddc _cEN _h600 _mKAP |
||
| 999 |
_c127097 _d127097 |
||